000 nam a22 7a 4500
999 _c8686
_d8686
008 180119b ||||| |||| 00| 0 eng d
100 _aKhan.S.H.etal.
_95046
245 _aSocial Studies
260 _aNew Delhi
_bNCERT
_c1988